02055nab a2200265 uc450000100070000000500170000700800410002403500110006503500210007604000130009704100080011010000530011824500600017126000100023152011340024165000640137565000290143965000470146865000330151565000590154865000610160777300920166894200100176099900190177092833620250926100625.0050603e20050201 spa  a928336 a(OCoLC)820323394 ccomduadb aspa10aVillarraga Sarmiento, Álvaro4auteaut950972813aLa politica del gobierno Uribe frente al tema de la paz c2005.3 aCon el animo de contribuir al analisis de las politicas y las principales acciones del gobierno del presidente Alvaro Uribe Velez asociadas al tema de la paz, el presente documento pretende sustentar que la actual administracion produjo un importante viraje, de forma que subordina la politica de paz a su politica central denominada de seguridad democratica, a partir de unas concepciones y lineas de accion que muestran rupturas de fondo con las medidas adelantadas durante las dos decadas anteriores. Bajo esta perspectiva, discutimos el abandono del proyecto de construir, con vision de mediano plazo, un proyecto de politica de paz nacional y estatal; la negativa de definir y colocar en lugar prioritario del programa del Gobierno una politica de paz; y la negacion de la existencia de una guerra de guerrillas contra el Estado, adelantada por organizaciones insurgentes, para afirmar que el conflicto se reduce a una amenaza de caracter terrorista. Asi mismo, debatimos los referentes gubernamentales derivados de un concepto difuso y equivocado sobre el terrorismo y sus implicaciones en el contexto del conflicto armado. aUribe Vélez, Alvaro, 1952 - Política y gobierno9107287 aPolítica de paz920321 aPolítica de seguridad - Colombia9144910 7aParamilitarismo2lemb921119 aUribe Vélez, Álvaro, 1952 - Proceso de paz9128949 aPolítica de seguridad democrática - Colombia91656530 tRevista Foro (Santafé de Bogotá)gNo. 52, Feb. 2005, p. 9-22w6971x0121-255904662 cARIMP c352499d352499